000 00789nam0a22002411 4500
001 rc\2792243
005 20260406193245.0
035 _a(NLR Aleph) 006918343
090 _a7419945
_c7419945
100 _a20110915d1935 |||y0rusy50 ca
101 0 _arus
102 _aRU
105 _ay z |||||
200 1 _aУстав Всесоюзного общества изобретателей
210 _a[Алма-Ата]
_cтип. "Казакстан. правда"
_d[1935]
215 _aОбл., 25 с., без тит. л.
_d12х9 см.
710 0 2 _aВсесоюзное общество изобретателей
_9408002
_3RU\NLR\AUTH\889955944
801 0 _aRU
_bNLR
_gpsbo
801 1 _aRU
_bELAR
_2rusmarc
852 _aNLR
_j35-8/1032
942 _cBOOK
980 _aNB